Statistics for Zodiac Signs Negative Personality Traits

Click here to take the quiz!

General Stats

  • This quiz has been taken 466 times
  • The average score is 10 of 12

Answer Stats

PersonalityAnswer% Correct
Two-Faced, Inconsistent, NervousGemini
95%
Arrogant, Dramatic, BossyLeo
90%
Vengeful, Possesive, JealousScorpio
90%
Aggressive, Self-centred, ImpatientAries
87%
Moody, Clingy, InsecureCancer
86%
Stubborn, Materialistic, LazyTaurus
86%
Dull, Apprehensive, SnobbishCapricorn
84%
Emotional, Needy, GulliablePisces
82%
Critical, Pessimistic, FussyVirgo
82%
Indecisive, Superficial, GossipyLibra
81%
Detached, Rebellious, InsensitiveAquarius
80%
Irresponsible, Hotheaded, RecklessSagittarius
79%

Score Distribution

Percentile by Number Answered

Percent of People with Each Score

Your Score History

You have not taken this quiz